000 00524nam a2200205Ia 4500
003 GCL
008 140319s9999 xx 000 0 eng d
040 _aGCL /
_cGCL
082 0 4 _a920.72
_bM F
100 1 _aMERNISSI, FATIMA
245 1 0 _aTHE FORGOTTEN QUEENS OF ISLAM /
_cMERNISSI, FATIMA
700 1 _aLAKELAND, MARY
260 _a[S.N] :
_bPOLITY PRESS ،
_c1994
300 _a229 P P
650 0 4 _aQUEENS OF ISLAM
650 0 4 _aISLAM - HISTORY
650 0 4 _aWOMEN
650 0 4 _aISLAM - WOMEN
942 _2ddc
_cBK
999 _c12329
_d12329